000 00834pam a2200241 i 4500
001 1775323
005 20250823091038.0
008 770727s1978 ilu b 001 0 eng
020 _a0802413927 :
_c$2.95
020 _a9780802413925
050 0 0 _aBM695.P3
_bR67
082 0 0 _a296.4/37
100 1 _aRosen, Ceil.
245 1 0 _aChrist in the Passover :
_bwhy is this night different? /
_cBy Ceil and Moishe Rosen.
260 _aChicago :
_bMoody Press,
_cc1978.
300 _a112 p. ;
_c22 cm.
500 _aIncludes index.
650 0 _aPassover.
700 1 _aRosen, Moishe,
_ejoint author.
856 4 2 _3Publisher description
_uhttp://www.loc.gov/catdir/enhancements/fy0609/77010689-d.html
856 4 2 _3Contributor biographical information
_uhttp://www.loc.gov/catdir/enhancements/fy1202/77010689-b.html
942 _2lcc
_cBK
_n0
999 _c7341
_d7341